MARC

Tag First Indicator Second Indicator Subfields
LEADER 00000cas a2200000 a 4500
001 in00000649321
005 20190322094338.0
008 801211d19802017ksufr p s0 a0eng c
010 |a  83644690   |z sn 83010002  
035 |a (OCoLC)ocm07027594 
035 |a (OCoLC)07027594 
035 |9 ACW5793AM 
040 |a KKC  |b eng  |c KKC  |d IUL  |d NST  |d DLC  |d NSD  |d NST  |d DLC  |d NST  |d AIP  |d NSD  |d NST  |d OCLCQ  |d GBVCP  |d OCLCQ  |d OCLCF  |d OCLCO  |d COD  |d XFH  |d OCLCA  |d DLC  |d IUL  |d COD  |d OCLCQ 
016 7 |a 014163543  |2 DE-101 
016 7 |a 763387-7  |2 DE-600 
019 |a 37274459  |a 994506840 
022 0 |a 0739-4772  |l 0739-4772  |2 1 
029 1 |a AU@  |b 000025573478 
029 1 |a GBVCP  |b 130509388 
035 |a (OCoLC)7027594  |z (OCoLC)37274459  |z (OCoLC)994506840 
037 |a KD03000 
042 |a pcc  |a nsdp 
043 |a n-us-ks  |a np----- 
050 0 0 |a F681  |b .H47 
082 0 4 |a 978.1/005  |2 19 
090 |a GR109  |b .H4 
049 |a TXAM 
210 0 |a Herit. Gt. Plains 
222 0 |a Heritage of the Great Plains 
245 0 0 |a Heritage of the Great Plains. 
264 1 |a Emporia, Kan. :  |b School of Liberal Arts and Sciences of the Emporia State University,  |c 1980-2017. 
264 3 1 |3 <summer 2014>-winter 2017 :  |a Emporia, Kan. :  |b College of Liberal Arts and Sciences and the Center for Great Plains Studies of Emporia State University 
300 |a 37 volumes :  |b illustrations ;  |c 23 cm 
310 |a Semiannual,  |b <1992-> 
321 |a Quarterly,  |b 1980- 
336 |a text  |b txt  |2 rdacontent 
337 |a unmediated  |b n  |2 rdamedia 
338 |a volume  |b nc  |2 rdacarrier 
362 1 |a Began with: Vol. 13, no. 1 (winter 1980). 
362 1 |a Ceased with: Vol. 49, no. 2 (winter 2017). 
515 |a Vol. 47, no. 2 (winter 2015) misnumbered as v. 48, no. 2. 
515 |a Issues for winter 2015 and winter 2016 both called v. 48, no. 2. 
520 |a Contains articles on the literature, language, folklore, history, art, and music of the Great Plains. 
588 |a Latest issue consulted: Vol. 49, no. 2 (winter 2017). 
651 0 |a Kansas  |x Civilization  |v Periodicals. 
651 0 |a Great Plains  |x Civilization  |v Periodicals. 
650 0 |a American literature  |z Kansas  |x History and criticism  |v Periodicals. 
650 0 |a American literature  |z Great Plains  |x History and criticism  |v Periodicals. 
650 7 |a American literature.  |2 fast  |0 (OCoLC)fst00807113 
650 7 |a Civilization.  |2 fast  |0 (OCoLC)fst00862898 
651 7 |a Great Plains.  |2 fast  |0 (OCoLC)fst01240567 
651 7 |a Kansas.  |2 fast  |0 (OCoLC)fst01204323 
655 7 |a Criticism, interpretation, etc.  |2 fast  |0 (OCoLC)fst01411635 
655 7 |a Periodicals.  |2 fast  |0 (OCoLC)fst01411641 
710 2 |a Emporia State University.  |b School of Liberal Arts and Sciences. 
710 2 |a Emporia State University.  |b College of Liberal Arts and Sciences. 
710 2 |a Emporia State University.  |b Center for Great Plains Studies. 
776 0 8 |i Online version:  |t Heritage of the Great Plains  |w (OCoLC)617095843 
780 0 0 |t Heritage of Kansas  |w (DLC)sn 82022245  |w (OCoLC)4296442 
785 0 0 |t Great Plains traverse  |x 2578-4781  |w (DLC) 2018201631  |w (OCoLC)1037020402 
850 |a CSt  |a CoFS  |a CoU  |a DLC  |a ICarbS  |a IaAS  |a InU  |a KMK  |a MH  |a MoSU  |a NN  |a NcU  |a OkS  |a TxCM  |a ULA  |a UU  |a WyU 
994 |a C0  |b TXA 
949 |a updated  |b h  |c 2019/3/22  |e coplinger  |f 9:36:19 am 
999 f f |s 970e59dd-2781-39d4-83e8-646f43f7d899  |i a80dd63f-57e0-3555-a8e9-491da4930d1f  |t 0 
952 f f |p ric  |a Texas A&M University  |b Rellis Campus  |c Joint Library Facility  |d Remote Storage  |t 0  |e GR109 .H4  |h Library of Congress classification  |i unmediated -- volume  |k v.44  |l 2011/2012  |m A14842309487 
952 f f |p ric  |a Texas A&M University  |b Rellis Campus  |c Joint Library Facility  |d Remote Storage  |t 0  |e GR109 .H4  |h Library of Congress classification  |i unmediated -- volume  |k v.25-26  |l 1992-1993  |m A14818822617 
952 f f |p ric  |a Texas A&M University  |b Rellis Campus  |c Joint Library Facility  |d Remote Storage  |t 0  |e GR109 .H4  |h Library of Congress classification  |i unmediated -- volume  |k v.42  |l 2009/2010  |m A14839123044 
952 f f |p ric  |a Texas A&M University  |b Rellis Campus  |c Joint Library Facility  |d Remote Storage  |t 0  |e GR109 .H4  |h Library of Congress classification  |i unmediated -- volume  |k v.32-33  |l 1999-2000  |m A14828788043 
952 f f |p ric  |a Texas A&M University  |b Rellis Campus  |c Joint Library Facility  |d Remote Storage  |t 0  |e GR109 .H4  |h Library of Congress classification  |i unmediated -- volume  |k v.48-49  |l 2015/2016-2016/2017  |m A14850411688 
952 f f |p ric  |a Texas A&M University  |b Rellis Campus  |c Joint Library Facility  |d Remote Storage  |t 0  |e GR109 .H4  |h Library of Congress classification  |i unmediated -- volume  |k v.15-16  |l 1982-1983  |m A14839591409 
952 f f |p ric  |a Texas A&M University  |b Rellis Campus  |c Joint Library Facility  |d Remote Storage  |t 0  |e GR109 .H4  |h Library of Congress classification  |i unmediated -- volume  |k v.38  |l 2005  |m A14835108123 
952 f f |p ric  |a Texas A&M University  |b Rellis Campus  |c Joint Library Facility  |d Remote Storage  |t 0  |e GR109 .H4  |h Library of Congress classification  |i unmediated -- volume  |k v.29-30  |l 1996-1997  |m A14823735883 
952 f f |p ric  |a Texas A&M University  |b Rellis Campus  |c Joint Library Facility  |d Remote Storage  |t 0  |e GR109 .H4  |h Library of Congress classification  |i unmediated -- volume  |k v.13-14  |l 1980-1981  |m A14839591394 
952 f f |p ric  |a Texas A&M University  |b Rellis Campus  |c Joint Library Facility  |d Remote Storage  |t 0  |e GR109 .H4  |h Library of Congress classification  |i unmediated -- volume  |k v.18  |l 1985  |m A14839591425 
952 f f |p ric  |a Texas A&M University  |b Rellis Campus  |c Joint Library Facility  |d Remote Storage  |t 0  |e GR109 .H4  |h Library of Congress classification  |i unmediated -- volume  |k v.36  |l 2003  |m A14833700759 
952 f f |p ric  |a Texas A&M University  |b Rellis Campus  |c Joint Library Facility  |d Remote Storage  |t 0  |e GR109 .H4  |h Library of Congress classification  |i unmediated -- volume  |k v.43  |l 2010/2011  |m A14842309479 
952 f f |p ric  |a Texas A&M University  |b Rellis Campus  |c Joint Library Facility  |d Remote Storage  |t 0  |e GR109 .H4  |h Library of Congress classification  |i unmediated -- volume  |k v.46-47  |l 2013/2015  |m A14850411670 
952 f f |p ric  |a Texas A&M University  |b Rellis Campus  |c Joint Library Facility  |d Remote Storage  |t 0  |e GR109 .H4  |h Library of Congress classification  |i unmediated -- volume  |k v.17  |l 1984  |m A14839591417 
952 f f |p ric  |a Texas A&M University  |b Rellis Campus  |c Joint Library Facility  |d Remote Storage  |t 0  |e GR109 .H4  |h Library of Congress classification  |i unmediated -- volume  |k v.31  |l 1998  |m A14827333510 
952 f f |p ric  |a Texas A&M University  |b Rellis Campus  |c Joint Library Facility  |d Remote Storage  |t 0  |e GR109 .H4  |h Library of Congress classification  |i unmediated -- volume  |k v.34-35  |l 2001-2002  |m A14830658296 
952 f f |p ric  |a Texas A&M University  |b Rellis Campus  |c Joint Library Facility  |d Remote Storage  |t 0  |e GR109 .H4  |h Library of Congress classification  |i unmediated -- volume  |k v.37  |l 2004  |m A14833433433 
952 f f |p ric  |a Texas A&M University  |b Rellis Campus  |c Joint Library Facility  |d Remote Storage  |t 0  |e GR109 .H4  |h Library of Congress classification  |i unmediated -- volume  |k v.45  |l 2012/2013  |m A14842309495 
952 f f |p ric  |a Texas A&M University  |b Rellis Campus  |c Joint Library Facility  |d Remote Storage  |t 0  |e GR109 .H4  |h Library of Congress classification  |i unmediated -- volume  |k v.21-22  |l 1988  |m A14812939597 
952 f f |p ric  |a Texas A&M University  |b Rellis Campus  |c Joint Library Facility  |d Remote Storage  |t 0  |e GR109 .H4  |h Library of Congress classification  |i unmediated -- volume  |k v.27-28  |l 1994-1995  |m A14820547003 
952 f f |p ric  |a Texas A&M University  |b Rellis Campus  |c Joint Library Facility  |d Remote Storage  |t 0  |e GR109 .H4  |h Library of Congress classification  |i unmediated -- volume  |k v.23-24  |l 1990-1991  |m A14816106463 
952 f f |p ric  |a Texas A&M University  |b Rellis Campus  |c Joint Library Facility  |d Remote Storage  |t 0  |e GR109 .H4  |h Library of Congress classification  |i unmediated -- volume  |k v.41  |l 2008/2009  |m A14839122975 
952 f f |p ric  |a Texas A&M University  |b Rellis Campus  |c Joint Library Facility  |d Remote Storage  |t 0  |e GR109 .H4  |h Library of Congress classification  |i unmediated -- volume  |k v.39  |l 2006  |m A14837110613 
952 f f |p ric  |a Texas A&M University  |b Rellis Campus  |c Joint Library Facility  |d Remote Storage  |t 0  |e GR109 .H4  |h Library of Congress classification  |i unmediated -- volume  |k v.40  |l 2007  |m A14834777521 
952 f f |p ric  |a Texas A&M University  |b Rellis Campus  |c Joint Library Facility  |d Remote Storage  |t 0  |e GR109 .H4  |h Library of Congress classification  |i unmediated -- volume  |k v.19-20  |l 1986  |m A14811831796 
998 f f |a GR109 .H4  |s v.46-49 (2013/2014-2016/2017)  |t 0  |l Remote Storage